| 000 | 00637nam a2200205 a 4500 | ||
|---|---|---|---|
| 001 | 000034813 | ||
| 005 | 20200930073924.0 | ||
| 008 | 111020s1978 ag 000 0 spa d | ||
| 040 |
_aDO-SdBNP _bspa _cBNPHU |
||
| 082 |
_axxxx _bR724l |
||
| 100 | 1 |
_aRogers, Carl R. _960327 |
|
| 240 | 1 | 0 |
_aFreedon to learn _lespañol |
| 245 | 1 | 0 |
_aLibertad y creatividad en la educación : _bel sistema "no directivo" / _cCarl R. Rogers. |
| 260 |
_aBuenos Aires : _bPaidos, _c1978. |
||
| 300 |
_a256 p. ; _c22 cm. |
||
| 490 | 1 | _aEducador contemporáneo | |
| 500 | _aTraducido del inglés. | ||
| 830 | 0 |
_aEducador contemporáneo _960333 |
|
| 049 | _aBNGR | ||
| 999 |
_c34304 _d34304 |
||